02052nam a22003251i 4500999001700000001001000017003000900027005001700036008004100053020002500094040004500119082002300164245007100187264005500258300003000313336002600343337002800369338002700397490004100424500003200465504005100497520084300548650004701391650004101438653002501479655001701504700003701521942001201558952015601570 c27995d27966017418977EG-ScBUE20200210091412.0150624s2015 enk f b 001 0 eng d a9781119061120 (pbk.) aStDuBDSbengerdacStDuBDSdUkdEG-ScBUE04a302.23072bHAN22204aThe handbook of global media research /cedited by Ingrid Volkmer. 1aChichester, West Sussex :bWiley Blackwell,c2015. axvii, 554 pages ;c25 cm. atext2rdacontentbtxt aunmediated2rdamediabn avolume2rdacarrierbnc0 aHandbooks in communication and media aOriginally published: 2012. aIncludes bibliographical references and index. a"Bringing together the perspectives of more than 40 internationally acclaimed authors, The Handbook of Global Media Research explores competing methodologies in the dynamic field of transnational media and communications, providing valuable insight into research practice in a globalized media landscape. Provides a framework for the critical debate of comparative media research Posits transnational media research as reflective of advanced globalization processes, and explores the role and responsibility this bestows it with Articulates the key themes and competing methodological approaches in a dynamic and developing field Showcases the perspectives and ideas of 30 leading internationally acclaimed scholars Offers a platform for the discussion of crucial issues from a variety of theoretical, methodical and practical viewpoints" 7aMass mediaxResearch.xMethodology.2BUEsh 7aMass media and globalization.2BUEsh bBUSBOLcFebruary2020 vReading book1 aVolkmer, Ingrid,eeditor.939332 2ddccBB 00102ddc40708BaccahaMAINbMAINc1STd2020-02-07ePurchaseg713.00h34036l0o302.23072 HANp000048569r2025-07-15 00:00:00v891.25w2020-02-07yBB